[Event "Western States op"]
[Site "Reno"]
[Date "2002.10.20"]
[Round "5"]
[White "Joplin, Steven"]
[Black "Corbett, Tom"]
[Result "1-0"]
[WhiteElo "2058"]
[BlackElo "1474"]
[PlyCount "69"]
[EventDate "2002.10.18"]
[EventType "swiss"]
[EventRounds "6"]
[EventCountry "USA"]
[SourceTitle "EXT 2009"]
[Source "ChessBase"]
[SourceDate "2008.11.26"]
[SourceVersion "1"]
[SourceVersionDate "2008.11.26"]
[SourceQuality "1"]

1. Nf3 d5 2. d4 e6 3. e3 Nf6 4. Bd3 g6 5. Nbd2 Bg7 6. 0-0 0-0 7. Ne5 Nbd7 8. f4 Ne8 9. b3 f6 10. Nxd7 Bxd7 11. e4 dxe4 12. Nxe4 f5 13. Nf2 Bxd4 14. Ba3 Rf7 15. Rb1 Qf6 16. Qe2 Nd6 17. Kh1 Kg7 18. Rbd1 e5 19. fxe5 Bxe5 20. Ng4 fxg4 21. Rxf6 Bxf6 22. Bxd6 cxd6 23. Qe4 Bc6 24. Qxg4 Be5 25. h4 Rf4 26. Qg5 Raf8 27. h5 Be4 28. Bc4 R8f6 29. Kg1 R4f5 30. h6+ Kh8 31. Qe3 Bc6 32. Qxa7 Rf2 33. Qxf2 Rxf2 34. Kxf2 Bf4 35. Bd5 1-0